|
|
|
|
| LEADER |
02866nam a2200661 i 4500 |
| 001 |
nkc20152755824 |
| 003 |
CZ PrNK |
| 005 |
20190506122647.0 |
| 007 |
ta |
| 008 |
151130s2015 xr f 001 0dcze |
| 015 |
|
|
|a cnb002755824
|
| 020 |
|
|
|a 978-80-210-8051-5
|q (brožováno)
|
| 035 |
|
|
|a (OCoLC)946293108
|
| 040 |
|
|
|a ABA001
|b cze
|e rda
|
| 041 |
0 |
|
|a cze
|b eng
|b rus
|
| 043 |
|
|
|a e-ru---
|
| 045 |
|
|
|a w-w-
|
| 072 |
|
7 |
|a 930
|x Historická věda. Pomocné vědy historické. Archivnictví
|2 Konspekt
|9 8
|
| 072 |
|
7 |
|a 929
|x Biografie
|2 Konspekt
|9 8
|
| 080 |
|
|
|a 34-051
|2 MRF
|
| 080 |
|
|
|a 929
|2 MRF
|
| 080 |
|
|
|a 930
|2 MRF
|
| 080 |
|
|
|a 94(470+571)
|2 MRF
|
| 080 |
|
|
|a (048.8)
|2 MRF
|
| 100 |
1 |
|
|a Šaur, Josef,
|d 1981-
|7 mzk2008453165
|4 aut
|
| 245 |
1 |
0 |
|a Boris N. Čičerin o ruských dějinách :
|b (státní škola jako historiografický a společenský fenomén) /
|c Josef Šaur
|
| 246 |
3 |
|
|a Státní škola jako historiografický a společenský fenomén
|
| 246 |
1 |
|
|i Obálkový a hřbetní název:
|a Boris Nikolajevič Čičerin o ruských dějinách
|
| 250 |
|
|
|a Vydání první
|
| 264 |
|
1 |
|a Brno :
|b Filozofická fakulta, Masarykova univerzita,
|c 2015
|
| 300 |
|
|
|a 297 stran ;
|c 23 cm
|
| 336 |
|
|
|a text
|b txt
|2 rdacontent
|
| 337 |
|
|
|a bez média
|b n
|2 rdamedia
|
| 338 |
|
|
|a svazek
|b nc
|2 rdacarrier
|
| 490 |
1 |
|
|a Spisy Filozofické fakulty Masarykovy univerzity =
|a Opera Facultatis philosophicae Universitatis Masarykianae,
|x 1211-3034 ;
|v číslo 439
|
| 500 |
|
|
|a 250 výtisků
|
| 504 |
|
|
|a Obsahuje bibliografii, bibliografické odkazy a rejstřík
|
| 546 |
|
|
|a Anglické a ruské resumé
|
| 600 |
1 |
7 |
|a Čičerin, Boris Nikolajevič,
|d 1828-1904
|7 jn20020328002
|2 czenas
|
| 648 |
|
7 |
|a 19. století
|7 ch460557
|2 czenas
|
| 650 |
0 |
7 |
|a právníci
|7 ph124721
|z Rusko
|y 19. století
|2 czenas
|
| 650 |
0 |
7 |
|a historiografie
|7 ph114672
|z Rusko
|y 19. století
|2 czenas
|
| 650 |
0 |
9 |
|a lawyers
|z Russia
|y 19th century
|2 eczenas
|
| 650 |
0 |
9 |
|a historiography
|z Russia
|y 19th century
|2 eczenas
|
| 651 |
|
7 |
|a Rusko
|7 ge128566
|x dějiny
|2 czenas
|
| 651 |
|
9 |
|a Russia
|x history
|2 eczenas
|
| 655 |
|
7 |
|a monografie
|7 fd132842
|2 czenas
|
| 655 |
|
9 |
|a monographs
|2 eczenas
|
| 810 |
2 |
|
|a Masarykova univerzita.
|b Filozofická fakulta.
|t Spisy
|0 s
|
| 856 |
4 |
1 |
|u https://www.digitalniknihovna.cz/mzk/uuid/uuid:d913b380-4ecd-11e9-936e-005056827e52
|y Digitalizovaný dokument
|x NDK
|
| 856 |
4 |
1 |
|u https://digilib.phil.muni.cz/handle/11222.digilib/134823
|y Plný text (Masarykova univerzita Brno)
|4 N
|
| 910 |
2 |
|
|a BOA001
|b 2-1360.672
|
| 928 |
9 |
|
|a Masarykova univerzita, Filozofická fakulta
|
| 990 |
|
|
|a BK
|
| 995 |
|
|
|a 01
|
| 991 |
|
|
|b 201602
|c NOV
|
| 996 |
6 |
|
|b 2610660383
|c 2-1360.672
|l MZK
|r Sklad / do 1 hodiny
|n 0
|p p.v.
|w 001546056
|u 000010
|a 1
|e BOA001
|j MZK50
|s P
|
| 996 |
7 |
|
|b 2610660384
|c 2-1360.672
|l MZK
|r Sklad / do 1 hodiny
|n 1
|p p.v.
|w 001546056
|u 000020
|a 1
|e BOA001
|j MZK50
|s A
|